| 000 | 00982cam a22001934a 4500 | ||
|---|---|---|---|
| 005 | 20250605164042.0 | ||
| 008 | 250528s ||||||||||||||||||||||||d | ||
| 035 | _a17009 | ||
| 020 | _a415062241 | ||
| 040 |
_aGR-AtMCL _bgre _dGR-AtMCL _eAACR2 |
||
| 245 | 1 | _aFrom Class Struggle to the Politics of Pleasure / The Effects of Gramscianism on Cultural Studies | |
| 260 |
_bRouledge, _c1992 |
||
| 300 | _a228 | ||
| 520 | _aThis book examines the rise of cultural studies and evaluates its strengths and weaknesses. Acknowledgements, Introduction, The Context: Breaking Into Marxism, Floating Signifiers, Struggle and Education, Youth and Symbolic Politics, The Crisis and Its Consequences, The Mass Media: Politics and Popularity, Positioning and Pleasure and the Media Audience, Leisure and Pleasure and Sport and Tourism, Gramscian Politics, Conclusion, Bibliography, Name and Subject Index. | ||
| 700 | 1 |
_aHarris David _93140 |
|
| 942 | _cBK | ||
| 999 |
_c2450 _d2450 |
||